| 000 | 00600nam a2200217 a 4500 | ||
|---|---|---|---|
| 005 | 20140310183242.0 | ||
| 008 | 041108s19uu xx 00 eng d | ||
| 050 |
_aZ 52.5 _b.C932 2004 |
||
| 100 | _aCrisostomo, Conchita | ||
| 245 |
_aWord processing for windows/. _cConchita C. Crisostomo |
||
| 250 | _a3rd ed. | ||
| 260 |
_aLas PiƱas ; _b3K-IT Educational Services, _c2004. |
||
| 300 |
_a132 p. : _bill. ; _c22 cm. |
||
| 521 | _aIT | ||
| 650 | _aMicrosoft windows (computer program). | ||
| 942 |
_cBK _2lcc _kLOC |
||
| 999 |
_c20618 _d20618 |
||